Представление документа в формате MARC21

Поле Инд. ПП Название Значение
Тип записи a
Библиографический уровень m
001 Контрольный номер RU/IS/BASE/220369610
005 Дата корректировки 20250903102121.1
008 Кодируемые данные 20061225
020 a ISBN 5-04-008472-3
040 b Код языка каталог. rus
e Правила каталог. PSBO
041 0_ a Код языка текста rus
084 a Индекс другой классификации/Индекс ББК 84(2=411.2)6-445.7
090 a Полочн. индекс 84(2=411.2)6-445.7
x Авторский знак Р 693
100 1_ a Автор Романова Г. В.
q Полное имя Романова Галина Владимировна
245 10 a Заглавие Стервами не рождаются!
b Продолж. заглавия повести
c Ответственность ответственный редактор О. Рубис; редакторы Л. Тихомирова, Т. Семенова; художник А. Стариков
260 a Место издания Москва
b Издательство ЭКСМО
c Дата издания 2001
300 a Объем 448 с.
336 a Термин вида содержания Текст
337 a Термин типа средства непосредственный
440 _0 a Серия Она написала убийство
500 a Примечание Серия основана в 2001 году
505 0_ a Форматированное содержание Ничто не вечно под луной
650 04 a Основная рубрика художественная литература
653 0_ a Ключевые слова XX век
a Ключевые слова Россия
a Ключевые слова русская литература
655 a Жанр/ форма (устаревшее) проза
a Жанр/ форма (устаревшее) повесть
a Жанр/ форма (устаревшее) детектив
700 12 a Автор Рубис О.
e Роль лиц редактор
700 1_ a Автор Семенова Т.
e Роль лиц редактор
700 1_ a Автор Тихомирова Л.
e Роль лиц редактор
700 1_ a Автор Стариков А.
e Роль лиц художник
901 t Тип документа m
952 a Тип литературы для КСУ ВШ ЛХИ